Super Smash Bros. Fighters #26 - The Mr. Game & Watch Quiz - Statistics

General Stats
  • This quiz has been taken 114 times
    83 since last reset
  • The average score is 7 of 12
Answer Stats
Hint Answer % Correct
What mathematical device was the Game & Watch inspired by? Calculator
92%
What year was it released? 1980
89%
Neutral special: player must prevent food from falling on the floor with a frying pan. Chef
79%
Up special: player must move life net to save people jumping from a burning building. Fire
76%
Side special: the player must discern if their number is higher than their opponent’s. Judge
75%
What is Mr. Game and Watch’s home stage in the Smash Bros. series? Flat Zone
67%
What was the first Game & Watch game? Ball
60%
Down special: player must collect oil leaking from a pipe so the gas station doesn’t waste oil. Oil Panic
52%
What series of Gameboy games were collections of Game & Watch games featuring Mario characters? Game & Watch Gallery
32%
What is the name of the Game & Watch-themed game in Nintendo Land? Octopus Dance
21%
Who created the Game & Watch? Gunpei Yokoi
17%
Name one of the 11 Game & Watch series: Gold, Silver, Wide Screen…
13%
No matching quizzes found
Score Distribution
Percent of People with Each Score
Percentile by Number Answered
Your Score History
You have not taken this quiz since the last reset